| 000 | 00963cam a2200289 i 4500 | ||
|---|---|---|---|
| 999 |
_c200459827 _d78039 |
||
| 003 | TR-AnTOB | ||
| 005 | 20240327104151.0 | ||
| 007 | ta | ||
| 008 | 240215s2023 tu $r01 $$$$ tur utu | ||
| 020 | _a9786057848901 | ||
| 040 |
_aTR-AnTOB _beng _erda _cTR-AnTOB |
||
| 041 | 0 | _atur | |
| 044 | _ctu | ||
| 050 | 1 | _aKKX120 | |
| 090 |
_aKKX120 _b.U558 2023 |
||
| 240 | 1 | 0 | _lTurkish. |
| 245 | 0 | 0 |
_aUnion of Turkish Bar Associations Review : _bTürkiye Barolar Birliği Dergisi: the selected articles / _cdanışma kurulu Prof. Dr. Ahmet Kılıçoğlu [and nine others]. |
| 264 | 1 |
_aAnkara : _bTürkiye Barolar Birliği, _c2023. |
|
| 300 |
_a150 pages ; _c24 cm |
||
| 336 |
_atext _btxt _2rdacontent |
||
| 337 |
_aunmediated _bn _2rdamedia |
||
| 338 |
_avolume _bnc _2rdacarrier |
||
| 650 | 0 |
_aLaw _970540 _vPeriodicals _zTurkey |
|
| 856 |
_uhttps://tbbdergisi.barobirlik.org.tr/App_Themes/TumDergiler/2022.pdf _zpdf |
||
| 942 |
_2lcc _cBK |
||